Statystyki dla Reprezentacja Polski Waldemara Fornalika.

Kliknij tutaj aby rozwiązać quiz!

Ogólne statystyki

  • Ten quiz został rozwiązany 224 razy
  • Średni wynik to 17 z 31

Statystyki odpowiedzi

MeczPiłkarz% Poprawnych
Polska - San MarinoLewandowski
100%
Polska - San MarinoLewandowski
100%
Czarnogóra - PolskaBłaszczykowski
94%
Polska - MołdawiaBłaszczykowski
94%
San Marino - PolskaBłaszczykowski
94%
Polska - AngliaGlik
85%
Polska - San MarinoPiszczek
81%
Polska - UkrainaPiszczek
81%
Macedonia Północna - PolskaMilik
78%
San Marino - PolskaZieliński
72%
San Marino - PolskaZieliński
72%
Polska - DaniaZieliński
72%
Polska - UrugwajObraniak
63%
Polska - San MarinoTeodorczyk
54%
Polska - RumuniaTeodorczyk
54%
Polska - RumuniaTeodorczyk
54%
Polska - LiechtensteinRybus
48%
Polska - DaniaKlich
47%
San Marino - PolskaMierzejewski
47%
Czarnogóra - PolskaMierzejewski
47%
Polska - MołdawiaWawrzyniak
44%
Polska - DaniaSobota
37%
San Marino - PolskaSobota
37%
Macedonia Północna - PolskaSobota
37%
Polska - San MarinoKosecki
33%
Macedonia Północna - PolskaJędrzejczyk
32%
Polska - LiechtensteinSobiech
28%
Polska - RPAKomorowski
22%
Polska - RumuniaŁukasik
10%
Polska - RumuniaPawłowski
10%
Macedonia Północna - PolskaPawłowski
10%

Rozkład punktacji

Percentyl według liczby udzielonych odpowiedzi

Procent ludzi z każdym wynikiem

Twoja historia wyników

Nie rozwiązałeś tego quizu